| 000 | 02982cam a22004694i 4500 | ||
|---|---|---|---|
| 003 | PE-LiUPU | ||
| 005 | 20250731173422.0 | ||
| 008 | 150706s2012 sp rb 000 0 spa d | ||
| 020 | _a9788482676555 | ||
| 035 | _a(Sirsi) i9788482676555 | ||
| 040 |
_aPE-LiUPU _bspa _cPE-LiUPU _erda |
||
| 049 | _aPRUA | ||
| 082 | 0 | 4 |
_a273.9 _bD75 _221 |
| 100 | 1 |
_aDonner, Theo G., _eautor. |
|
| 245 | 1 | 0 |
_aPosmodernidad y fe : _buna cosmovisión cristiana para un mundo fragmentado / _cTheo G. Donner . |
| 264 | 1 |
_aViladecavalls, España : _bCLIE, _c2012. |
|
| 300 |
_a225 páginas ; _c23 centímetros |
||
| 336 |
_atext _2rdacontent |
||
| 337 |
_aunmediated _2rdamedia |
||
| 338 |
_avolume _2rdacarrier |
||
| 504 | _aIncluye bibliografía. | ||
| 505 | 0 | _a¿Hacia una fe cristiana integral -- Una nueva forma de pensar -- Tres observaciones -- El término "cosmovisión" -- El cristiano frente a la cosmovisión de su contorno -- El mundo mayor de edad -- Introducción -- Un mundo en transición? -- Dos protestas frente al mundo medieval -- ¿Qué hacer con este mundo de transición? -- El mundo del fragmento -- Introducción -- Unas definiciones -- En contra de la autoridad -- La cuestión del lenguaje -- El verdadero relativismo y la base de una cosmovisión cristiana -- Preguntas frente a la posmodernidad -- Posmodernidad y capitalismo -- Posmodernidad y ciencia -- ¿Tenemos que rechazar los metarrelatos? -- La fe y la historia -- Introducción -- Unas definiciones -- Unos ejemplos -- Los cristianos y la historia -- El cristiano y la política -- Introducción -- Presuposiciones fundamentales -- Democracia y fe cristiana -- Democracia y libertad -- El cristiano y la economía -- Introducción -- Pautas bíblicas -- La irrelevancia de los grandes sistemas -- El problema no es de sistema -- El cristiano y la ciencia empírica -- La ciencia empírica: sus desafíos y problemas -- El metarrelato de la ciencia -- Galileo -- ¿Ciencia empírica? -- Los cristianos y la ciencia -- Fe y psicología -- Introducción -- Una actitud cristiana negativa -- El otro extremo -- Modelos para relacionar la psicología y la fe -- Soberanía de esferas. | |
| 526 | _aSEG42 | ||
| 526 | _aSEG41 | ||
| 526 | _aSEG40 | ||
| 526 | _aSEG39 | ||
| 526 | _aP94 | ||
| 526 | _aP87 | ||
| 526 | _aP86 | ||
| 526 | _aP85 | ||
| 526 | _aP77 | ||
| 526 | _aP76 | ||
| 526 | _aP35 | ||
| 541 | _g001-0000595; | ||
| 650 | 0 | 4 |
_aIglesia _ySiglo XXI. |
| 910 |
_agl _bjv _clch _d20121004 |
||
| 942 |
_2ddc _cBOOK |
||
| 949 |
_a273.9 D75 _wDEWEY _c1 _i65449 _lCCODEBUL1 _mBUL _p29.00 _r0 _sY _tBOOK _u2015-7-6 _xTEOLOGIA _PP35 _o.STAFF. Colección General |
||
| 994 |
_aC0 _bPEPRU |
||
| 596 | _a1 | ||
| 999 |
_a273.9 D75 _wDEWEY _c53952 _i65449 _d53952 _e2019-3-19 _f2021-11-11 _g5 _lCCODEBUL1 _mBUL _n8 _p29.00 _r0 _sY _tBOOK _u2015-7-6 _xTEOLOGIA _PP35 _0COMPRA _o.STAFF. Colección Teología |
||
| 980 |
_81 _gALBERTO SANCHEZ Responsable de Automatización |
||